000 01584nam a2200277Ia 4500
999 _c55027
_d55027
001 22102
003 GE_BSU
005 20221026123033.0
008 181216s ||||ge |||||||||||||| ||geo||
020 _a9789941401756
040 _cGE_BSU
041 _ageo
080 _a821.124-54 ც-77
100 _aციცერონი, მარკუს ტულიუს
_915557
245 _aსიტყვები და დიალოგები /
_cლათინ. თარგმნა, შესავ. წერილი და კომენტ. დაურთო იამზე გაგუამ ; [რედ. : თ. გიორგობიანი, დ. წიფურია]
264 _aთბილისი :
_bლოგოსი,
_c2010.
300 _a303 გვ. ;
_c20 სმ.
490 _aპროგრამა "ლოგოსი" პუბლიკაციები და ღონისძიებები კლასიკური ფილოლოგიის, ბიზანტინისტიკისა და ნეოგრეცისტიკის სფეროში
541 _h11ლ.50თ.
653 _aლათინური ლიტერატურა
653 _aსიტყვები და დიალოგები
700 _aგაგუა, იამზე
_eმთარგმნელი
_915558
710 _aგიორგობიანი, თ.
_bრედაქტორი
_915559
710 _aწიფურია, დ.
_bრედაქტორი
_915560
942 _cBK
_2udc